000 00444nam a22001697a 4500
999 _c17928
_d17928
003 OSt
005 20201203094546.0
008 201203b ||||| |||| 00| 0 eng d
040 _aSEKU
050 _aSD 421. F4
100 _4Sintayehu, Messay
245 _aTacklingthe frequent forest fire incidence in Ethiopia
260 _aAddis Addis, Ethiopia:
_bForum for Environment,
_c2009,
300 _a122p.
650 _2Forest
942 _cGEN